MARC

Tag First Indicator Second Indicator Subfields
LEADER 00000cam a2200000 a 4500
001 in00003441255
005 20151206102914.0
008 900914s1990 enka b 001 0aeng
010 |a  90194864  
016 7 |a B89-53766  |2 uk 
020 |a 0900821957 
020 |a 9780900821950 
035 |a (OCoLC)ocm24173044 
035 |a (OCoLC)24173044 
040 |a DLC  |b eng  |c DLC  |d BTCTA  |d OCLCG  |d GEBAY  |d GBVCP  |d OCLCO  |d OCLCA  |d OCLCF  |d TXA  |d UtOrBLW 
043 |a e-uk--- 
049 |a TXAM 
050 0 0 |a PR6031.O867  |b Z498 1990 
082 0 0 |a 828/.91209  |a B  |2 20 
090 |a PR6031.O867  |b Z49 1990 
100 1 |a Powys, John Cowper,  |d 1872-1963. 
245 1 4 |a The letters of John Cowper Powys to Hal W. and Violet Trovillion /  |c edited by Paul Roberts ; with an introduction by Kenneth Hopkins. 
246 1 4 |a Powys to the Trovillions 
264 1 |a London :  |b C. Woolf,  |c 1990. 
300 |a 121 pages :  |b illustrations ;  |c 23 cm. 
336 |a text  |b txt  |2 rdacontent 
337 |a unmediated  |b n  |2 rdamedia 
338 |a volume  |b nc  |2 rdacarrier 
504 |a Includes bibliographical references (pages 85-100) and index. 
600 1 0 |a Powys, John Cowper,  |d 1872-1963  |v Correspondence. 
650 0 |a Authors, English  |y 20th century  |v Correspondence. 
600 1 0 |a Trovillion, Hal W.,  |d 1879-1967  |v Correspondence. 
600 1 0 |a Trovillion, Violet,  |d 1890-  |v Correspondence. 
653 0 |a 11030  |a fiction  |a in  |a English  |a p1030  |a Powys,  |a John  |a Cowper  |a 1872-1963 
653 0 |a Authors  |a Correspondence,  |a reminiscences,  |a etc 
653 0 |a Authors, English  |a 20th century  |a Correspondence 
653 0 |a Powys  |a John  |a Cowper  |a 1872-1963 
653 0 |a Powys, John Cowper  |a 1872-1963  |a Correspondence 
653 0 |a Trovillion, Hal W  |a 1879-1967  |a Correspondence 
653 0 |a Trovillion, Violet  |a b. 1890  |a Correspondence 
700 1 |a Roberts, Paul,  |d 1953- 
700 1 |a Trovillion, Hal W.,  |d 1879-1967. 
700 1 |a Trovillion, Violet,  |d 1890- 
938 |a Baker and Taylor  |b BTCP  |n 90194864  |c £14.95 
948 |a cataloged  |b h  |c 2014/8/14  |d c  |e junters  |f 2:17:31 pm 
994 |a C0  |b TXA 
999 |a MARS 
999 f f |s ef225f06-a922-38fa-a327-ff5fcac5e04d  |i 09c3cd8e-30d0-3b90-b8dd-455bbdecb6f8  |t 0 
952 f f |p noncirc  |a Texas A&M University  |b College Station  |c Cushing Memorial Library & Archives  |d Cushing: Literature/Mitchell (Does not check out)  |t 0  |e PR6031.O867 Z49 1990  |h Library of Congress classification  |i unmediated -- volume 
998 f f |a PR6031.O867 Z49 1990  |t 0  |l Cushing: Literature/Mitchell (Does not check out)